Estadísticas para Número de cosas - Opción múltiple

Haz click aquí para tomar la prueba!

Estadísticas generales

  • Esta prueba ha sido tomada 87 veces
  • La puntuación promedio es 6 de 12

Estadísticas de respuestas

PreguntaRespuesta% Correcto
¿Cuántas estrellas hay en la bandera de Estados Unidos?50
93%
¿Cuál es el número en "- - -: Una odisea del espacio" de Stanley Kubrick?2001
73%
¿Cuántas naciones isleñas europeas hay?4
65%
¿Cuántos estados de Estados Unidos bordean el océano Atlántico?15
60%
¿Cuántos actores han jugado James Bond (en abril de 2019)?8
52%
¿A cuántos funerales asistieron Hugh Grant y Andie MacDowell?1
49%
¿Cuántas películas hizo Marilyn Monroe?33
44%
¿Cuántos países había en el Pacto de Varsovia?8
40%
¿Cuántos estados de Estados Unidos bordean el Océano Pacífico?5
39%
¿Cuántos miembros tiene la OPEP (en abril de 2019)?13
38%
¿Cuántos comisarios hay en la Comisión Europea?28
32%
¿Cuántas películas de James Bond se han hecho en total (en abril de 2019)?26
29%

Distribución de puntuación

Porcentaje por número respondido

Porcentaje de gente con cada puntuación

Historial de tus puntuaciones

No has tomado esta prueba